Top 4 Coupe de France (depuis 1918) - Statistiques

Statistiques générales
  • Ce quiz a été pris 113 fois
  • Le résultat moyen est 53 sur 90
Statistiques - réponses
Réponse % Correct
Paris Saint-Germain
100%
Olympique de Marseille
99%
Olympique lyonnais
98%
FC Nantes
96%
OGC Nice
96%
Olympique lillois
95%
Stade rennais
95%
Lille OSC
93%
Toulouse FC
93%
Toulouse FC (1937-1967)
93%
AS Monaco
91%
ÉF Bordeaux-Guyenne
91%
ÉF Lens-Artois
91%
AS Saint-Étienne
90%
Girondins de Bordeaux
90%
Montpellier HSC
90%
RC Lens
90%
RC Strasbourg
90%
RC France
85%
AJ Auxerre
84%
CA Paris 14
84%
Olympique de Paris
83%
Paris FC
83%
Stade de Reims
83%
ÉF Reims-Champagne
82%
FC Lorient
82%
FC Metz
80%
Angers SCO
78%
En Avant Guingamp
74%
Le Havre AC
73%
SM Caen
73%
Nîmes Olympique
71%
Stade clermontois
71%
Dijon FCO
69%
FC Sochaux
69%
AS Nancy-Lorraine
68%
ÉF Nancy-Lorraine
68%
FC Nancy
68%
Grenoble Foot 38
68%
Gazélec FC Ajaccio
67%
SC Bastia
67%
AS Troyes-Savinienne
65%
ES Troyes AC
65%
FC Rouen
65%
Amiens SC
64%
CS Sedan
64%
FC Annecy
63%
SC Toulon
63%
Stade-français-Red-Star
61%
USL Dunkerque
61%
Valenciennes FC
61%
Le Mans FC
60%
AS Cannes
59%
Red Star
59%
FC Lyon
57%
Tours FC
55%
US Orléans
55%
Calais RUFC
54%
Évian Thonon Gaillard
52%
FC Versailles 78
51%
Stade lavallois
51%
FC Sète
49%
Les Herbiers VF
49%
US Boulogne
47%
Excelsior AC
46%
LB Châteauroux
46%
FC Mulhouse
42%
US Tourcoing
42%
RC Roubaix
41%
USA Perpignan
41%
SR Colmar
39%
US Quevilly
39%
Avenir Club Avignonnais
36%
FC Gueugnon
36%
Rodez
33%
Angoulême-Charente FC
25%
FC Chambly Oise
20%
Olympique d'Alès-en-Cévenne
19%
Stade français
18%
FCO Charleville
16%
GF Albanais
10%
SC Fivois
7%
FC Montceau Bourgogne
6%
CA Sports Généraux
5%
Club français
5%
AS française
4%
CA Vitry
4%
Stade raphaëlois
4%
AS Valentigney
3%
VGA du Médoc
3%
Aucun quiz correspondant
Distribution des résultats
% des personnes avec chaque résultat
Percentile par nombre de réponses
Votre historique - résultats
Vous n’avez pas pris ce quiz